Estudios sobre la novela española del siglo XIX / (Record no. 61144)

MARC details
000 -LEADER
campo de control de longitud fija 00759nam a2200217 i 4500
001 - NÚMERO DE CONTROL
campo de control 61144
003 - IDENTIFICADOR DE NÚMERO DE CONTROL
campo de control ES-MaACL
005 - FECHA Y HORA DE LA ÚLTIMA TRANSACCIÓN
campo de control 20231204125101.0
007 - CAMPO FIJO DE DESCRIPCIÓN FÍSICA--INFORMACIÓN GENERAL
campo de control de longitud fija t|
008 - DATOS DE LONGITUD FIJA--INFORMACIÓN GENERAL
campo de control de longitud fija 031110s1977 sp ||||1| spa d
100 1# - ENTRADA PRINCIPAL--NOMBRE DE PERSONA
Nombre de persona Etreros, Mercedes.
9 (RLIN) 48292
245 10 - MENCIÓN DEL TÍTULO
Título Estudios sobre la novela española del siglo XIX /
Mención de responsabilidad, etc. Mercedes Etreros, María Isabel Montesinos, Leonardo Romero.
260 ## - PUBLICACIÓN, DISTRIBUCIÓN, ETC.
Lugar de publicación, distribución, etc. Madrid :
Nombre del editor, distribuidor, etc. Instituto Miguel de Cervantes,
Fecha de publicación, distribución, etc. 1977.
300 ## - DESCRIPCIÓN FÍSICA
Extensión 209 p. ;
Dimensiones 25 cm.
490 1# - MENCIÓN DE SERIE
Mención de serie Anejos de revista de literatura ;
Designación de volumen o secuencia 38
700 1# - ENTRADA AGREGADA--NOMBRE PERSONAL
Nombre de persona Montesinos, María Isabel.
9 (RLIN) 82599
700 0# - ENTRADA AGREGADA--NOMBRE PERSONAL
Nombre de persona Romero Tobar, Leonardo,
Fechas asociadas al nombre 1941-
9 (RLIN) 99445
830 0# - PUNTO DE ACCESO ADICIONAL DE SERIE-TÍTULO UNIFORME
Título uniforme Anejos de revista de literatura ;
Designación de volumen o secuencia 38
9 (RLIN) 182587
852 ## - LOCALIZACIÓN
Ubicación ES-MaACL
Número de control de estantería A-7712
Sublocalización o colección R.96795
Holdings
Estatus retirado Estado de pérdida Estado de daño No para préstamo Biblioteca de origen Biblioteca actual Ubicación en estantería Fecha de adquisición Fuente de adquisición Total de préstamos Signatura topográfica completa Código de barras Visto por última vez Precio de reemplazo Tipo de ítem Koha
        Biblioteca del Ateneo de Madrid Biblioteca del Ateneo de Madrid Sala Pecera Planta 1 17/01/2008     A-7712 1064118 23/02/2023 23/02/2023 Libro impreso